| 000 | 00665nas a2200229 4500 | ||
|---|---|---|---|
| 001 | BR8502803 | ||
| 003 | BR-BrBNA | ||
| 005 | 20231205090213.0 | ||
| 007 | ta | ||
| 008 | 230509b bl.|||p| |||| 00| 00por d | ||
| 040 |
_aBR-BrBNA _bpor _cBiblioteca Nacional de Agricultura |
||
| 041 | _a(Pt) | ||
| 072 | _aE16; F01 | ||
| 100 | 1 | _aAnon. | |
| 245 | 1 | _aAproveitamento da soca rende mais arroz a baixo custo | |
| 650 | _aARROZ | ||
| 650 | _aECONOMIA DA PRODUCAO | ||
| 650 | _aCULTIVO DA SOCA | ||
| 773 | 0 |
_tDirigente Rural (Brazil) _xISSN 0012-3374 _g(Nov 1984), v. 23(11) p. 53-60 _wBR8502803 |
|
| 909 |
_a202311 _bLúcia _c55 _dLúcia Elande |
||
| 942 |
_2AGRIS _n0 _cANA |
||
| 999 |
_c116781 _d116781 |
||